[Event "16th Baltic Pearl Open"]
[Site "Lazy"]
[Date "2020.06.30"]
[Round "3.1"]
[White "Kosakowski, Jakub"]
[Black "Dixa, Oskar"]
[Result "1-0"]
[WhiteElo "2416"]
[BlackElo "2083"]
[Annotator "TA"]
[PlyCount "81"]
[EventDate "2020.06.28"]
[EventType "swiss"]
[EventCountry "POL"]
[SourceTitle "playchess.com"]
[Source "ChessBase"]
[SourceQuality "1"]

{[%evp 13,81,25,19,15,19,12,14,13,17,0,7,0,0,0,13,0,14,0,19,7,8,0,15,0,12,0,29,35,64,0,0,0,0,-18,19,0,111,104,102,104,110,46,54,73,200,187,186,173,177,129,255,246,263,238,204,241,210,161,170,169,921,919,900,906,872,866,980,978,29982,29983]} 1. e4 e5 2. Nf3 Nc6 3. Bc4 Bc5 4. O-O Nf6 5. d3 O-O 6. c3 Bb6 7. h3 d6 8. Bb3 {C54: Giuoco Piano: 4 c3 Nf6, main lines with 5 d4 and 5 d3.} h6 9. Nbd2 $1 {9.Nbd2 is better than 9.Re1.} a6 10. Re1 {The position is equal.} Be6 11. Bc2 Re8 12. Nf1 d5 13. exd5 Bxd5 14. Ng3 Qd7 15. Be3 Bxe3 16. Rxe3 Rad8 17. Qe2 {[%cal Rf3e5]} Bxf3 18. Rxf3 Nd5 19. Re1 {[#]} Nf4 $146 ({Predecessor:} 19... g6 20. Qd2 Kg7 21. d4 exd4 22. Nh5+ Kh7 23. Rxe8 Qxe8 24. c4 Ne5 25. Rf4 Nxc4 26. Qxd4 {0-1 (65) Vaishali,R (2329)-Nesterov,A (2411) Stockholm 2019}) 20. Qd1 Qd6 21. Qc1 ({White should try} 21. Ne4 $1 $14 Qf8 22. g3 Nxh3+ 23. Kg2) 21... Ne7 $11 {[#]} 22. d4 $1 {[%mdl 512]} Neg6 $1 {[%cal Rg6h4]} (22... exd4 23. Rxf4) 23. Ne4 Qe7 {aiming for ...Nxg2!} 24. g3 $36 {[%mdl 2048] White is more active.} exd4 (24... Ne6 $1 $11) 25. gxf4 $16 {And now cxd4 would win.} f5 26. cxd4 {[#] Hoping for Rfe3.} fxe4 27. Bxe4 (27. Rxe4 $16 Qf6 28. Qe3 Rxe4 29. Qxe4 {[%mdl 64] Double Attack}) 27... Qd6 $14 28. Bxb7 {Black must now prevent Rfe3.} Qxd4 {A mistake that costs the game.} (28... Rxe1+ $16 29. Qxe1 Nxf4) 29. Bxa6 Rxe1+ 30. Qxe1 {Threatens to win with Qe6+.} Nxf4 31. Qe3 Qd1+ (31... Qxe3 $16 {was necessary.} 32. fxe3 Nd3) 32. Kh2 $18 Nd5 33. Bc4 Kh8 34. Qd3 Qe1 35. Bxd5 Qe5+ 36. Kg1 c6 $2 (36... Qg5+ 37. Kf1 Qc1+ 38. Kg2 Qg5+ 39. Rg3 Qxd5+ 40. Qxd5 Rxd5) 37. Be4 Qg5+ 38. Kh1 ({Weaker is} 38. Rg3 Rxd3 39. Rxg5 Rd1+ 40. Kg2 hxg5 $17) 38... Qe7 39. Qc2 Rd4 40. Re3 Qd7 41. Bxc6 {Accuracy: White = 89%, Black = 65%.} 1-0

[Event "16th Baltic Pearl Open"]
[Site "Lazy"]
[Date "2020.06.30"]
[Round "3.2"]
[White "Kacprzak, Karol"]
[Black "Luch, Michal"]
[Result "1/2-1/2"]
[WhiteElo "1988"]
[BlackElo "2409"]
[Annotator "TA"]
[PlyCount "232"]
[EventDate "2020.06.28"]
[EventType "swiss"]
[EventCountry "POL"]
[SourceTitle "playchess.com"]
[Source "ChessBase"]
[SourceQuality "1"]

{[%evp 9,232,-6,0,-10,0,-12,12,-35,-27,-25,-18,-16,-22,-27,-26,-25,0,6,10,3,0,-17,-11,-29,0,-41,-34,-26,-40,-36,-22,-20,-10,-25,-8,-8,-22,-22,-17,-13,-13,-38,-7,-34,-36,-23,0,-32,-30,-50,0,0,16,0,60,22,27,19,38,16,98,94,122,89,220,239,225,210,229,204,206,175,486,472,1097,24,22,31,33,0,0,0,0,0,0,0,0,0,0,0,0,0,0,0,0,0,0,0,0,0,0,0,0,0,0,0,0,0,0,0,0,0,0,0,0,0,0,0,0,0,0,0,0,0,0,0,0,0,0,0,0,0,0,0,0,0,0,0,0,0,0,0,0,0,0,0,0,0,0,0,0,0,0,0,0,0,0,0,0,0,0,0,0,0,0,0,0,0,0,0,0,0,0,0,0,0,0,0,0,0,0,0,0,0,0,0,0,0,0,0,0,0,0,0,0,0,0,0,0,0,0,0,0,0,0,0,0,0,0,0,0,0,0,0,0,0,0,0,0,0,0,0,0,0,0]} 1. d4 Nf6 2. Nf3 c5 3. e3 g6 4. Bd3 Bg7 5. O-O d5 6. b3 {A48: 1 d4 Nf6 2 Nf3 g6: Torre, London and Colle Systems.} Nc6 7. Bb2 O-O 8. a3 {[#]} e5 $1 {[%mdl 512]} 9. Nxe5 (9. dxe5 Ng4) 9... Nxe5 10. dxe5 Ng4 11. Be2 Nxe5 {[#]} 12. b4 $146 ({Predecessor:} 12. f4 Nc6 13. Bxg7 Kxg7 14. Bf3 Be6 15. Nc3 Ne7 16. Qd2 Qd7 17. Rfd1 Rad8 18. b4 {½-½ (59) Bednar,J (2185)-Banas,J (2292) Tatranske Zruby 2013}) 12... b6 13. f4 Nc6 14. Bxg7 Kxg7 15. Bf3 Qf6 16. Nd2 Ba6 17. c4 Bxc4 ({Of course not} 17... dxc4 $6 18. Qa4 $16) 18. Nxc4 dxc4 19. Qd5 Ne7 20. Qxc4 Rac8 21. Bg4 Rc6 22. e4 cxb4 23. Qxb4 a5 24. Qa4 Qc3 25. Qd1 h5 26. Be2 Qe3+ 27. Kh1 Rfc8 28. Ba6 (28. f5 $5 {[%cal Re2a6]} Rf6 29. Re1 $11) 28... R8c7 29. f5 f6 ({But not} 29... Qxe4 $2 30. f6+ $1 {[%mdl 512]} Kh7 31. fxe7 $18) 30. fxg6 Nxg6 31. Bb5 Rc5 (31... Rc2 $11 32. Rf3 Qd2 33. Qxd2 Rxd2) 32. Qd6 Qc3 33. a4 $36 {[%mdl 2048] White is more active.} h4 34. Rae1 h3 (34... Qe5 $1 $11 35. Qxb6 Nf4) 35. gxh3 $16 {And now e5 would win.} Rg5 36. e5 {[%mdl 64] Decoy} fxe5 (36... Rf5 $16 {is a better defense.}) 37. Qf6+ $18 {[%mdl 64] Double Attack} ({Not} 37. Qxb6 Nf4 $11) 37... Kh6 38. h4 $1 Rg4 {[#]} 39. h5 $1 {[%cal Rh5g6][%mdl 64] Pin} Qh3 {[%csl Gg4][%cal Rh3g2]} 40. Bc6 e4 $2 (40... Qxh5 41. Bf3 {[%mdl 64] Skewer, Discovered Attack} Rc2) 41. Bxe4 {[%mdl 64] Pin} Rc2 (41... Qxh5 $142 42. Qd6 Qe5 43. Qxe5 Nxe5) 42. Rf2 $2 (42. Qd6 $18 Qc3 43. hxg6) 42... Rxf2 $11 43. Qxf2 Qxh5 44. Qxb6 {Hoping for Qe3+.} Rxe4 $1 {[%mdl 64] Remove Defender, Decoy. The position is equal.} 45. Rxe4 {[%mdl 4096] Endgame Qe3+ is the strong threat. KQR-KQN} Qf3+ {[%mdl 64] Double Attack} 46. Kg1 Qxe4 47. Qxa5 Nf4 {[%csl Gf4][%cal Re4g2]} 48. Qd2 Kh5 49. Qd1+ Kh4 {[%csl Gf4][%cal Re4g2]} 50. Qd8+ Kg4 {[%csl Gf4][%cal Re4g2]} 51. Qd1+ Kf5 {[%csl Gf4][%cal Re4g2]} 52. Qd7+ Kg5 {[%csl Gf4][%cal Re4g2]} 53. Qd8+ Kh5 {[%csl Gf4][%cal Re4g2]} 54. Qd1+ Kg6 {[%csl Gf4][%cal Re4g2]} 55. Qd6+ Kg7 {[%csl Gf4][%cal Re4g2]} 56. Qd7+ Kf6 {[%csl Gf4][%cal Re4g2]} 57. Qd8+ Kf5 {[%csl Gf4][%cal Re4g2]} 58. Qf8+ Kg4 {[%csl Gf4][%cal Re4g2]} 59. Qc8+ Kf3 {[%cal Re4e1]} 60. Qc3+ Nd3 61. Qf6+ Nf4 {[%cal Re4e1]} 62. Qc3+ Nd3 63. Qf6+ Ke2 64. Qf1+ Ke3 {aiming for ...Nf4.} 65. Qg2 Qd4 {Threatens to win with ...Kf4+.} 66. h3 Qa1+ 67. Kh2 Ne1 68. Qg5+ Kf2 {[%cal Re1f3]} 69. Qd2+ Kf1 70. Qf4+ Ke2 71. Qe4+ Kf2 72. Qh4+ Ke3 73. Qg5+ Ke2 74. Qg4+ Nf3+ 75. Kg3 Qe1+ 76. Kf4 Qd2+ 77. Kg3 Qe1+ 78. Kf4 Qd2+ 79. Kg3 Qd6+ 80. Qf4 Ne5 81. Qf2+ Kd3 82. Qf1+ Ke4 83. Qe2+ Kd4 {Strongly threatening ...Nd3+.} 84. Qb2+ Kd3 85. Qb3+ Ke4 86. Qb7+ Ke3 87. Qa7+ Kd3 88. Qf2 Qg6+ 89. Kh2 Qe4 90. Qf1+ Kd4 91. Qf2+ Kc4 92. Kg3 Qg6+ 93. Kh2 Qe4 94. Kg3 Ng6 95. Qf3 Qh4+ 96. Kh2 Nf4 97. Qc6+ Kb4 {White must now prevent ...Qf2+.} 98. Qb5+ Kc3 99. Qc5+ Kd3 100. Qa3+ Ke4 101. Qg3 Qd8 102. Qe1+ Kf5 103. Qb1+ Kg5 {( -> ...Qd2+)} 104. Qg1+ Kh6 105. Qe3 Qg5 {[%csl Gf4][%cal Rg5g2]} 106. Qb6+ Kh5 {[%csl Gf4][%cal Rg5g2]} 107. Qf2 Qf5 108. Qf3+ Kh6 109. Kg3 Nh5+ 110. Kf2 Qc2+ 111. Qe2 Qxa4 112. Qe6+ Kh7 113. Qf5+ Kh6 114. Qe6+ Kg5 115. Qg4+ Qxg4 116. hxg4 Kxg4 {Black escapes into a draw. Accuracy: White = 89%, Black = 85%.} 1/2-1/2

[Event "16th Baltic Pearl Open"]
[Site "Lazy"]
[Date "2020.06.30"]
[Round "3.3"]
[White "Chylewski, Patryk"]
[Black "Rudzinska, Michalina"]
[Result "1-0"]
[WhiteElo "2344"]
[BlackElo "2080"]
[Annotator "NA"]
[PlyCount "81"]
[EventDate "2020.06.28"]
[EventType "swiss"]
[EventCountry "POL"]
[SourceTitle "playchess.com"]
[Source "ChessBase"]
[SourceQuality "1"]
[TimeControl "5400+30"]

1. d4 {[%emt 0:00:00]} Nf6 {[%emt 0:00:00]} 2. Nf3 {[%emt 0:00:00]} e6 {[%emt 0:00:00]} 3. Bg5 {[%emt 0:01:22]} c5 {[%emt 0:00:54]} 4. e3 {[%emt 0:00:29]} b6 {[%emt 0:01:03]} 5. Bd3 {[%emt 0:00:51]} cxd4 {[%emt 0:00:33]} 6. exd4 {[%emt 0:00:13]} Bb7 {[%emt 0:00:07]} 7. O-O {[%emt 0:00:49]} Be7 {[%emt 0:00:16]} 8. Qe2 {[%emt 0:03:55]} O-O {[%emt 0:00:40]} 9. c3 {[%emt 0:02:46]} d6 {[%emt 0:00:45]} 10. Nbd2 {[%emt 0:00:10]} Nbd7 {[%emt 0:00:52]} 11. a4 {[%emt 0:00:48]} Nd5 {[%emt 0:06:24]} 12. Qe4 {[%emt 0:02:54]} g6 {[%emt 0:02:20]} 13. Qh4 {[%emt 0:02:28]} f6 {[%emt 0:11:26]} 14. Bh6 {[%emt 0:02:50]} Re8 {[%emt 0:00:17]} 15. Qg3 {[%emt 0:13:33]} Bf8 {[%emt 0:05:28]} 16. Bxf8 {[%emt 0:02:08]} Nxf8 {[%emt 0:00:07]} 17. a5 {[%emt 0:07:40]} a6 {[%emt 0:11:41]} 18. Nc4 {[%emt 0:11:47]} e5 {[%emt 0:02:18]} 19. dxe5 {[%emt 0:11:20]} dxe5 {[%emt 0:00:30]} 20. Rfd1 {[%emt 0:01:31]} e4 {[%emt 0:13:34]} 21. Nd6 {[%emt 0:05:29]} exd3 {[%emt 0:00:44]} 22. Nxb7 {[%emt 0:01:15]} Qe7 {[%emt 0:02:17]} 23. Nd6 {[%emt 0:01:06]} Red8 {[%emt 0:00:33]} 24. Nf5 {[%emt 0:01:45]} Qe4 {[%emt 0:02:05]} 25. Nh6+ {[%emt 0:02:34]} Kg7 {[%emt 0:00:15]} 26. Re1 {[%emt 0:00:27]} Qc4 {[%emt 0:04:11]} 27. Nd4 {[%emt 0:02:13]} Rd7 {[%emt 0:04:56]} 28. axb6 {[%emt 0:02:49]} Nxb6 {[%emt 0:07:28]} 29. Nhf5+ {[%emt 0:07:24]} Kh8 {[%emt 0:00:23]} 30. Ne3 {[%emt 0:00:10]} Qf7 {[%emt 0:04:35]} 31. Red1 {[%emt 0:01:27]} Ne6 {[%emt 0:08:03]} 32. Rxd3 {[%emt 0:00:13]} a5 {[%emt 0:00:46]} 33. Rdd1 {[%emt 0:02:09]} Nxd4 {[%emt 0:03:47]} 34. Rxd4 {[%emt 0:00:08]} Rxd4 {[%emt 0:02:27]} 35. cxd4 {[%emt 0:00:06]} Qb3 {[%emt 0:02:03]} 36. Qd6 {[%emt 0:01:59]} Qxb2 {[%emt 0:01:14]} 37. Qxf6+ {[%emt 0:00:08]} Kg8 {[%emt 0:00:04]} 38. Rf1 {[%emt 0:00:42]} Rf8 {[%emt 0:02:58]} 39. Qe6+ {[%emt 0:00:13]} Kg7 {[%emt 0:00:05]} 40. Qe5+ {[%emt 0:00:30]} Kf7 {[%emt 0:00:44]} 41. Ng4 {[%emt 0:00:19]} 1-0

[Event "16th Baltic Pearl Open"]
[Site "Lazy"]
[Date "2020.06.30"]
[Round "3.4"]
[White "Kozak, Antoni"]
[Black "Kopaczewski, Adam"]
[Result "1-0"]
[WhiteElo "2339"]
[BlackElo "2059"]
[Annotator "TA"]
[PlyCount "75"]
[EventDate "2020.06.28"]
[EventType "swiss"]
[EventCountry "POL"]
[SourceTitle "playchess.com"]
[Source "ChessBase"]
[SourceQuality "1"]

{[%evp 9,75,38,43,47,40,16,19,31,41,36,54,34,100,104,113,119,135,135,135,106,146,137,145,136,109,121,300,306,281,0,151,134,129,130,128,0,126,0,43,32,37,0,0,0,0,0,0,14,45,31,245,249,661,632,624,617,791,776,736,722,29995,29996,29996,29997,29997,534,29998,29999]} 1. c4 e5 2. Nf3 Nc6 3. Nc3 f5 4. g3 Nf6 5. d4 e4 6. Nh4 {A27: English Opening: Three Knights Variation.} d6 7. f3 Be7 8. Bh3 {The position is equal.} g6 9. Bh6 Nh5 10. Ng2 $1 {[#]} Bg5 $146 (10... exf3 $1 $14 11. exf3 Kf7) ({Predecessor:} 10... exf3 11. exf3 Bf6 12. Qd3 Qe7+ 13. Ne3 Nb4 14. Qd2 f4 15. Bxc8 fxe3 16. Bxe3 Nc2+ {1-0 (51) Watson,B (2275)-Runcan,D (1915) Auckland 2013}) 11. Bxg5 $16 Qxg5 12. fxe4 Bd7 13. O-O O-O-O 14. Qd3 {[%cal Re4f5]} Rdf8 15. Nd5 fxe4 16. Bxd7+ Kxd7 17. Qxe4 Qd2 $2 (17... Nf6 $16 18. Nxf6+ Rxf6) 18. e3 $18 Qxb2 19. Rfb1 $2 ({Don't do} 19. Qg4+ $6 Kd8 $18) (19. Rab1 $18 Qxa2 20. Qg4+ Kd8 21. Qh4+ Kc8 22. Qh3+ Kb8 23. Qd7 $1 {[%mdl 512]} Rxf1+ 24. Rxf1) 19... Qe2 $2 (19... Qf2+ $11 20. Kh1 b6) 20. Ngf4 $16 Nxf4 21. Nxf4 Qxc4 22. Rxb7 ({White must play} 22. Rc1 $1 $16 {[%cal Rc1c4]} Qa6 23. Qe6+ Kd8 24. Qg4) 22... Rf5 (22... Re8 $11 23. Qf3 Nxd4) 23. Ne6 ({White should try} 23. Re1 $16) 23... Re5 24. Rxc7+ Kxe6 25. Qg4+ (25. Qf3 $5 {[%cal Rf3f7]} Rf5 26. Qxc6 (26. Qe4+ Re5 $16) 26... Qxc6 27. Rxc6 $14) 25... Rf5 $1 26. Rxc6 ({Don't take} 26. Qe4+ Re5 $1 $16 {[%mdl 512]}) 26... Qxc6 27. e4 $36 {[%mdl 2112] d5+ is the strong threat. Pin. White is pushing.} Qc3 28. exf5+ gxf5 $11 {[%mdl 4096] Endgame KQR-KQR} (28... Kd5 $5 {[%cal Rc3a1]} 29. Rf1 Rf8 $11) 29. Qe2+ Kf6 $2 (29... Kd7 $14 30. Re1 Qxd4+ 31. Kf1 Qc5) 30. Re1 $18 Qxd4+ $2 (30... Qc7 31. Qe6+ Kg7 32. Qxf5 Rb8 33. Qg5+ Kh8 34. Qf6+ Kg8) 31. Kf1 Kg6 {[#]} 32. Qe7 $1 Qc4+ 33. Kg1 Qd4+ {[#]} 34. Kg2 $1 {Re6+ would kill now.} f4 35. Re6+ Kf5 36. Qf7+ Kg5 37. h4+ Kg4 {[#]} 38. Rg6+ $1 {[%mdl 512] Accuracy: White = 85%, Black = 50%.} 1-0

[Event "16th Baltic Pearl Open"]
[Site "Lazy"]
[Date "2020.07.01"]
[Round "4.1"]
[White "Czernek, Tymon"]
[Black "Kosakowski, Jakub"]
[Result "0-1"]
[WhiteElo "2199"]
[BlackElo "2416"]
[Annotator "ChessBase"]
[PlyCount "76"]
[EventDate "2020.06.28"]
[EventType "swiss"]
[EventCountry "POL"]
[SourceTitle "playchess.com"]
[Source "ChessBase"]
[SourceQuality "1"]
[TimeControl "5400+30"]

1. e4 {[%emt 0:00:00]} c5 {[%emt 0:00:00]} 2. Nc3 {[%emt 0:00:00]} Nc6 {[%emt 0:00:00]} 3. Nf3 {[%emt 0:00:00]} g6 {[%emt 0:01:22]} 4. Bb5 {[%emt 0:01:53]} Bg7 {[%emt 0:00:15]} 5. O-O {[%emt 0:00:57]} Nh6 {[%emt 0:06:45]} 6. Re1 {[%emt 0:03:13]} O-O {[%emt 0:01:23]} 7. h3 {[%emt 0:08:36]} d6 {[%emt 0:03:26]} 8. d3 {[%emt 0:06:55]} Bd7 {[%emt 0:02:21]} 9. Bg5 {[%emt 0:03:12]} f6 {[%emt 0:03:09]} 10. Be3 {[%emt 0:01:11]} e5 {[%emt 0:00:19]} 11. Nd5 {[%emt 0:02:09]} Nf7 {[%emt 0:00:21]} 12. c3 {[%emt 0:12:59]} f5 {[%emt 0:03:29]} 13. a4 {[%emt 0:02:27]} Kh8 {[%emt 0:05:19]} 14. Bc4 {[%emt 0:02:49]} Rc8 {[%emt 0:01:49]} 15. Ba2 {[%emt 0:03:50]} f4 {[%emt 0:11:49]} 16. Bc1 {[%emt 0:01:46]} Ng5 {[%emt 0:00:10]} 17. Nh2 {[%emt 0:09:01]} h5 {[%emt 0:06:18]} 18. Bb3 {[%emt 0:02:27]} Ne6 {[%emt 0:19:13]} 19. Qe2 {[%emt 0:02:19]} Qe8 {[%emt 0:01:48]} 20. Bd1 {[%emt 0:00:41]} Qf7 {[%emt 0:00:15]} 21. Ra3 {[%emt 0:01:58]} Bh6 {[%emt 0:00:36]} 22. Bd2 {[%emt 0:02:07]} Qg7 {[%emt 0:02:13]} 23. Kh1 {[%emt 0:02:53]} Bg5 {[%emt 0:02:23]} 24. Rg1 {[%emt 0:02:13]} Qh6 {[%emt 0:02:48]} 25. Nf3 {[%emt 0:02:03]} Bd8 {[%emt 0:01:01]} 26. Nh2 {[%emt 0:00:55]} Qh7 {[%emt 0:00:30]} 27. Be1 {[%emt 0:01:36]} Ng5 {[%emt 0:00:39]} 28. Qf1 {[%emt 0:02:42]} Be6 {[%emt 0:01:06]} 29. Nf3 {[%emt 0:01:20]} Nxf3 {[%emt 0:01:02]} 30. gxf3 {[%emt 0:00:38]} Bh4 {[%emt 0:00:54]} 31. Kh2 {[%emt 0:00:35]} g5 {[%emt 0:00:13]} 32. Qg2 {[%emt 0:00:38]} Qh6 {[%emt 0:00:42]} 33. Bd2 {[%emt 0:00:36]} Rg8 {[%emt 0:00:14]} 34. Rb3 {[%emt 0:00:28]} Rg7 {[%emt 0:00:19]} 35. Be2 {[%emt 0:00:14]} Rcg8 {[%emt 0:00:14]} 36. Qf1 {[%emt 0:00:20]} g4 {[%emt 0:00:15]} 37. fxg4 {[%emt 0:00:07]} hxg4 {[%emt 0:00:06]} 38. Bxg4 {[%emt 0:00:09]} Bxg4 {[%emt 0:01:17]} 0-1

[Event "16th Baltic Pearl Open"]
[Site "Lazy"]
[Date "2020.07.01"]
[Round "4.2"]
[White "Klimkowski, Jan"]
[Black "Chylewski, Patryk"]
[Result "1-0"]
[WhiteElo "2193"]
[BlackElo "2344"]
[Annotator "ChessBase"]
[PlyCount "101"]
[EventDate "2020.06.28"]
[EventType "swiss"]
[EventCountry "POL"]
[SourceTitle "playchess.com"]
[Source "ChessBase"]
[SourceQuality "1"]
[TimeControl "5400+30"]

1. e4 {[%emt 0:00:00]} e5 {[%emt 0:01:54]} 2. Nf3 {[%emt 0:00:00]} Nc6 {[%emt 0:00:05]} 3. Bb5 {[%emt 0:00:00]} a6 {[%emt 0:00:04]} 4. Ba4 {[%emt 0:00:00]} Nf6 {[%emt 0:00:06]} 5. O-O {[%emt 0:00:00]} Be7 {[%emt 0:00:06]} 6. Re1 {[%emt 0:00:04]} b5 {[%emt 0:00:05]} 7. Bb3 {[%emt 0:00:04]} d6 {[%emt 0:00:05]} 8. c3 {[%emt 0:00:09]} O-O {[%emt 0:00:08]} 9. h3 {[%emt 0:00:05]} Nb8 {[%emt 0:00:08]} 10. d4 {[%emt 0:00:05]} Nbd7 {[%emt 0:00:04]} 11. Nbd2 {[%emt 0:00:06]} Bb7 {[%emt 0:00:04]} 12. Bc2 {[%emt 0:00:46]} Re8 {[%emt 0:00:08]} 13. Nf1 {[%emt 0:00:07]} Bf8 {[%emt 0:00:04]} 14. Ng3 {[%emt 0:00:05]} g6 {[%emt 0:00:08]} 15. a4 {[%emt 0:00:17]} c5 {[%emt 0:00:07]} 16. d5 {[%emt 0:08:02]} c4 {[%emt 0:01:24]} 17. Be3 {[%emt 0:01:33]} Nc5 {[%emt 0:00:06]} 18. Qd2 {[%emt 0:01:10]} Qc7 {[%emt 0:02:17]} 19. a5 {[%emt 0:02:40]} Bc8 {[%emt 0:02:56]} 20. Bh6 {[%emt 0:06:14]} Bxh6 {[%emt 0:11:38]} 21. Qxh6 {[%emt 0:00:20]} Qe7 {[%emt 0:00:31]} 22. Nd2 {[%emt 0:05:28]} Nfd7 {[%emt 0:01:07]} 23. Rf1 {[%emt 0:03:57]} Nb7 {[%emt 0:08:38]} 24. Ne2 {[%emt 0:05:02]} Qf8 {[%emt 0:03:58]} 25. Qe3 {[%emt 0:02:37]} Qg7 {[%emt 0:02:40]} 26. f4 {[%emt 0:06:47]} exf4 {[%emt 0:02:21]} 27. Rxf4 {[%emt 0:00:46]} Ne5 {[%emt 0:03:25]} 28. Qb6 {[%emt 0:03:49]} Re7 {[%emt 0:07:40]} 29. Raf1 {[%emt 0:04:15]} Qf8 {[%emt 0:01:56]} 30. Nf3 {[%emt 0:02:57]} Qd8 {[%emt 0:09:37]} 31. Qf2 {[%emt 0:03:21]} Nxf3+ {[%emt 0:01:34]} 32. Rxf3 {[%emt 0:02:34]} Qe8 {[%emt 0:05:31]} 33. Ng3 {[%emt 0:03:24]} Nd8 {[%emt 0:08:29]} 34. Rf6 {[%emt 0:09:58]} Qd7 {[%emt 0:00:10]} 35. Qf4 {[%emt 0:02:39]} Re5 {[%emt 0:00:52]} 36. Ne2 {[%emt 0:01:22]} Ra7 {[%emt 0:21:13]} 37. Nd4 {[%emt 0:00:22]} Qe8 {[%emt 0:01:13]} 38. Rxd6 {[%emt 0:00:52]} Nb7 {[%emt 0:00:44]} 39. Rc6 {[%emt 0:01:00]} Ra8 {[%emt 0:01:14]} 40. Rf6 {[%emt 0:03:15]} Nd8 {[%emt 0:00:25]} 41. Nc6 {[%emt 0:00:39]} Nxc6 {[%emt 0:00:13]} 42. Rxf7 {[%emt 0:00:09]} Bf5 {[%emt 0:03:23]} 43. Rc7 {[%emt 0:03:07]} Bxe4 {[%emt 0:02:11]} 44. dxc6 {[%emt 0:01:10]} Bf5 {[%emt 0:00:33]} 45. Qh6 {[%emt 0:01:17]} Re7 {[%emt 0:00:07]} 46. Rxe7 {[%emt 0:00:27]} Qxe7 {[%emt 0:00:05]} 47. Bxf5 {[%emt 0:00:08]} Qc5+ {[%emt 0:00:27]} 48. Kh1 {[%emt 0:00:09]} gxf5 {[%emt 0:00:17]} 49. Qg5+ {[%emt 0:00:03]} Kh8 {[%emt 0:00:06]} 50. Qf6+ {[%emt 0:00:03]} Kg8 {[%emt 0:00:05]} 51. Rxf5 {[%emt 0:00:04]} 1-0

[Event "16th Baltic Pearl Open"]
[Site "Lazy"]
[Date "2020.07.01"]
[Round "4.3"]
[White "Mielczarski, Miroslaw"]
[Black "Kozak, Antoni"]
[Result "0-1"]
[WhiteElo "2156"]
[BlackElo "2339"]
[Annotator "TA"]
[PlyCount "75"]
[EventDate "2020.06.28"]
[EventType "swiss"]
[EventCountry "POL"]
[SourceTitle "playchess.com"]
[Source "ChessBase"]
[SourceQuality "1"]

{[%evp 17,75,0,0,0,0,0,0,0,0,0,0,1,0,0,59,22,24,32,23,16,43,21,17,10,12,0,0,0,0,-9,0,0,0,0,0,0,7,-23,-26,-16,-18,-12,0,0,9,-5,6,8,8,0,0,-64,-67,-66,-79,-67,-79,-574,-537,-29999]} 1. c4 e6 2. Nf3 Nf6 3. e3 d5 4. d4 Nbd7 5. Nc3 c6 6. Qc2 Bd6 7. b3 O-O 8. Be2 b6 9. O-O Bb7 10. Rd1 {D45: Semi-Slav: 5 e3.} Qe7 11. e4 Nxe4 12. Nxe4 {The position is equal.} dxe4 13. Qxe4 f5 14. Qh4 Qxh4 15. Nxh4 Rad8 ({Black should try} 15... Be7 $11 16. Nf3 c5) 16. Bg5 (16. c5 $5 {[%cal Rc5d6]} Be7 17. Nf3 $11) 16... Nf6 17. c5 bxc5 18. Bc4 {aiming for Nxf5.} cxd4 19. Bxe6+ (19. Nxf5 $5 Bc5 20. Bxe6+ Kh8 21. Rac1 $11) 19... Kh8 20. Nxf5 Bb4 {[#]} 21. Bd2 $146 ({Avoid the trap} 21. Rxd4 $2 Rxd4 22. Nxd4 Bc3 $19) (21. Bc4 {feels hotter.} c5 22. f3 Bd5 23. Ne7 Bxc4 24. bxc4 Rd7 25. Nc6) ({Predecessor:} 21. Rac1 c5 22. a3 Bxa3 23. Ra1 Bb4 24. Rxa7 Be4 25. Nxg7 Bc2 26. Rf1 d3 27. Bf5 Bxb3 {1-0 (35) Marcetic,N (2378)-Lazic,M (2477) Zlatibor 2006}) 21... Bxd2 22. Rxd2 c5 {Hoping for ...Ne4.} 23. f3 Bd5 24. Bxd5 $1 Rxd5 25. Ng3 h5 26. h4 g5 27. hxg5 Rxg5 28. Kh2 Rfg8 $36 {[%mdl 2048] White is under pressure.} 29. Nf1 h4 30. Re1 Rf5 31. Re6 a5 32. Rde2 h3 33. Ng3 hxg2 34. Rxg2 ({Only move:} 34. Kxg2 $11 Rg7 35. Kf2 Ng4+ 36. Ke1 Rxf3 37. Ne4) 34... Rxf3 $15 {Strongly threatening ...Rg6.} 35. Ne4 Ng4+ 36. Kg1 {[#]} Re3 $1 {[%cal Re3e1]} 37. Nxc5 $2 {[%mdl 8192]} (37. Rg3 $17) 37... Rc3 $19 {( -> ...Rc1+)} 38. Ne4 {Accuracy: White = 73%, Black = 95%.} 0-1

[Event "16th Baltic Pearl Open"]
[Site "Lazy"]
[Date "2020.07.01"]
[Round "4.4"]
[White "Luch, Michal"]
[Black "Klepek, Witold"]
[Result "1/2-1/2"]
[WhiteElo "2409"]
[BlackElo "2171"]
[Annotator "ChessBase"]
[PlyCount "90"]
[EventDate "2020.06.28"]
[EventType "swiss"]
[EventCountry "POL"]
[SourceTitle "playchess.com"]
[Source "ChessBase"]
[SourceQuality "1"]
[TimeControl "5400+30"]

1. c4 {[%emt 0:00:00]} c5 {[%emt 0:00:29]} 2. Nc3 {[%emt 0:00:00]} Nc6 {[%emt 0:00:23]} 3. g3 {[%emt 0:00:03]} g6 {[%emt 0:01:09]} 4. Bg2 {[%emt 0:00:03]} Bg7 {[%emt 0:00:19]} 5. a3 {[%emt 0:00:10]} e6 {[%emt 0:06:01]} 6. Rb1 {[%emt 0:00:06]} Nf6 {[%emt 0:03:15]} 7. b4 {[%emt 0:00:58]} cxb4 {[%emt 0:00:33]} 8. axb4 {[%emt 0:00:02]} d5 {[%emt 0:00:30]} 9. cxd5 {[%emt 0:10:32]} Nxd5 {[%emt 0:05:37]} 10. Nxd5 {[%emt 0:00:19]} exd5 {[%emt 0:00:06]} 11. b5 {[%emt 0:09:29]} Ne5 {[%emt 0:09:46]} 12. Nf3 {[%emt 0:08:38]} Nxf3+ {[%emt 0:07:20]} 13. Bxf3 {[%emt 0:00:02]} O-O {[%emt 0:00:17]} 14. O-O {[%emt 0:06:49]} Bh3 {[%emt 0:02:32]} 15. Re1 {[%emt 0:00:19]} Qd7 {[%emt 0:00:28]} 16. Qb3 {[%emt 0:20:31]} Rfd8 {[%emt 0:07:40]} 17. d3 {[%emt 0:04:07]} Bg4 {[%emt 0:01:49]} 18. Bg5 {[%emt 0:00:38]} Re8 {[%emt 0:00:39]} 19. Bxg4 {[%emt 0:16:42]} Qxg4 {[%emt 0:00:13]} 20. Qxd5 {[%emt 0:00:12]} Rxe2 {[%emt 0:00:48]} 21. Rxe2 {[%emt 0:10:38]} Qxe2 {[%emt 0:00:19]} 22. Rc1 {[%emt 0:01:02]} h6 {[%emt 0:23:51]} 23. Be3 {[%emt 0:06:52]} g5 {[%emt 0:04:23]} 24. Rc7 {[%emt 0:00:55]} Qh5 {[%emt 0:00:05]} 25. Qxb7 {[%emt 0:02:16]} Rd8 {[%emt 0:01:37]} 26. Rc8 {[%emt 0:00:41]} Qd1+ {[%emt 0:00:06]} 27. Kg2 {[%emt 0:00:02]} Qxd3 {[%emt 0:00:08]} 28. Rxd8+ {[%emt 0:00:04]} Qxd8 {[%emt 0:00:02]} 29. Bxa7 {[%emt 0:00:19]} Qd3 {[%emt 0:00:50]} 30. Qc6 {[%emt 0:01:06]} h5 {[%emt 0:01:44]} 31. Be3 {[%emt 0:00:38]} h4 {[%emt 0:01:38]} 32. b6 {[%emt 0:00:32]} h3+ {[%emt 0:01:19]} 33. Kxh3 {[%emt 0:00:20]} Qf1+ {[%emt 0:00:03]} 34. Kg4 {[%emt 0:00:09]} Qe2+ {[%emt 0:00:43]} 35. Kxg5 {[%emt 0:00:20]} Qd3 {[%emt 0:05:56]} 36. Qc8+ {[%emt 0:01:05]} Bf8 {[%emt 0:00:03]} 37. Qf5 {[%emt 0:01:09]} Be7+ {[%emt 0:00:45]} 38. Kg4 {[%emt 0:00:01]} Qe2+ {[%emt 0:00:28]} 39. Kh3 {[%emt 0:00:35]} Qf1+ {[%emt 0:00:08]} 40. Kg4 {[%emt 0:00:05]} Qe2+ {[%emt 0:00:03]} 41. f3 {[%emt 0:01:22]} Qxe3 {[%emt 0:00:51]} 42. b7 {[%emt 0:00:16]} Qd4+ {[%emt 0:01:17]} 43. Kh3 {[%emt 0:00:45]} Qh8+ {[%emt 0:00:10]} 44. Kg4 {[%emt 0:00:22]} Qd4+ {[%emt 0:00:05]} 45. Kh3 {[%emt 0:00:39]} Qh8+ {[%emt 0:00:06]} 1/2-1/2